000 00661pam a2200241 a 4500
001 2404966
005 20180301033742.0
008 860417r19861985nyu b 001 0 eng
010 _a 86009271
020 _a0446383481 (pbk.)
020 _a044638349X (Can.)
040 _aDLC
_cDLC
_dDLC
041 _aeng
043 _an-us---
080 _a658.40920973 PET
082 0 0 _a658.40920973 PET
_219
100 1 _a54
101 _aLID
245 1 2 _aA passion for excellence :
_cTom Peters, Nancy Austin.
504 _aBibliography: p. [561]-562.
906 _a7
_bcbc
_corignew
_d1
_eocip
_f19
_gy-gencatlg
942 _2ddc
_cBK
999 _c43753
_d43753